LEADER 02392njm a2200577 a 4500
001 000266546
003 CZ BrMZK
005 20220824144136.0
008 950101s1991 xr f cze d
028 0 3 |a 11 0767-2 231  |b Supraphon 
040 |a BOA001  |b cze 
080 |a 784.1.087.682(086.7)  |2 MRF 
080 |a 784.1.087.684(086.7)  |2 MRF 
100 1 |a Martinů, Bohuslav,  |d 1890-1959  |7 jk01080381  |4 cmp 
245 1 0 |a Otvírání studánek ;  |b Legenda z dýmu bramborové nati ; Mikeš z hor  |h [zvukový záznam] /  |c Bohuslav Martinů. ; texty Miroslav Bureš. 
246 3 |a Cantatas 
246 3 3 |a Mikeš of the mountains 
246 3 1 |a Legend of the smoke from potato fires 
246 3 1 |a Opening of the wells 
260 |a Praha :  |b Supraphon,  |c p1991 
300 |a 1 CD :  |b stereo, DDD ;  |c 12 cm +  |e 1 brožura [44 s.]. 
306 |a 010245 
500 |a Durata 62:45 
500 |a Text v brožuře vícejaz. 
500 |a Nahr. 1988 
511 0 |a Agáta Čakrtová, contralto; Ivan Kusnjer, baritone; Jan Kvapil, violins...[et al.]. 
653 0 |a smíšené sbory  |a ženské sbory 
700 1 |a Stivín, Jiří,  |d 1942-  |7 jn19990209799  |4 prf 
700 1 |a Talich, Jan,  |d 1967-  |7 jn20000620380  |4 prf 
700 1 |a Čakrtová, Agáta  |4 prf 
700 1 |a Čejková, Milada  |7 pna2006362606  |4 prf 
700 1 |a Bureš, Miloslav,  |d 1909-1968  |7 jk01020309  |4 lbt 
700 1 |a Bláha, Milan,  |d 1927-2015  |7 jx20050315012  |4 prf 
700 1 |a Bogunia, Stanislav,  |d 1949-  |7 jn20000400206  |4 prf 
700 1 |a Doležal, Vladimír,  |d 1951-  |7 jo2003190791  |4 prf 
700 1 |a Duda, Petr,  |d 1963-  |7 mzk2009512075  |4 itr 
700 1 |a Haničinec, Petr,  |d 1930-2007  |7 jn19981001403  |4 nrt 
700 1 |a Kusnjer, Ivan,  |d 1951-  |7 jn99240000573  |4 prf 
700 1 |a Kvapil, Jan,  |d 1943 únor 4.-  |7 xx0023818 
700 1 |a Kühn, Pavel,  |d 1938-2003  |7 jn19990009906  |4 cnd 
700 1 |a Mareš, Vlastimil,  |d 1957-  |7 jo20000074133 
700 1 |a Messiereur, Petr,  |d 1937-  |7 jo2002105229 
700 1 |a Mrázová, Marie,  |d 1926-  |7 mzk2003189310  |4 prf 
710 2 |a Kühnův smíšený sbor  |7 ko2003164871  |4 prf 
740 0 2 |a Legenda z dýmu bramborové nati 
740 0 2 |a Mikeš z hor 
910 |a BOA001  |b CD-0001.656 
964 |a Sbory ženské s doprovodem  |x CD 
964 |a Sbory smíšené s doprovodem  |x CD 
990 |a AV 
996 6 |b 261H001688  |c CD-0001.656  |l MZK  |r Sklad / do 24 hodin  |n 2  |w 000266546  |u 000010  |a 1  |e BOA001  |j MZK50  |s P